| 000 | 01233nam a2200313Ia 4500 | ||
|---|---|---|---|
| 001 | ebr10087526 | ||
| 003 | CaPaEBR | ||
| 006 | m u | ||
| 007 | cr cn||||||||| | ||
| 008 | 760107s1976 nyu sb 001 0 eng d | ||
| 010 | _z 75007364 | ||
| 020 | _z0195021703 | ||
| 020 | _z0195019393 | ||
| 040 |
_aCaPaEBR _cCaPaEBR |
||
| 035 | _a(OCoLC)84146906 | ||
| 050 | 1 | 4 |
_aKF298 _b.A9 1976eb |
| 100 | 1 | _aAuerbach, Jerold S. | |
| 245 | 1 | 0 |
_aUnequal justice _h[electronic resource] : _blawyers and social change in modern America / _cJerold S. Auerbach. |
| 260 |
_aNew York : _bOxford University Press, _c1976. |
||
| 300 | _axiii, 395 p. | ||
| 504 | _aIncludes bibliographical references (p. [367]-380) and index. | ||
| 533 |
_aElectronic reproduction. _bPalo Alto, Calif. : _cebrary, _d2009. _nAvailable via World Wide Web. _nAccess may be limited to ebrary affiliated libraries. |
||
| 650 | 0 |
_aPractice of law _zUnited States _xHistory. |
|
| 650 | 0 |
_aLawyers _zUnited States. |
|
| 650 | 0 | _aSociological jurisprudence. | |
| 655 | 7 |
_aElectronic books. _2local |
|
| 710 | 2 | _aebrary, Inc. | |
| 856 | 4 | 0 |
_uhttp://site.ebrary.com/lib/rucke/Doc?id=10087526 _zAn electronic book accessible through the World Wide Web; click to view |
| 999 |
_c67359 _d67359 |
||